[Event "ch-FRA National A"]
[Site "Nimes FRA"]
[Date "2009.08.10"]
[Round "1"]
[White "Hamdouchi,H"]
[Black "Maze,S"]
[Result "1/2-1/2"]
[WhiteElo "2589"]
[BlackElo "2546"]
[EventDate "2009.08.10"]

1. e4 e5 2. Nf3 Nc6 3. d4 exd4 4. Nxd4 Nf6 5. Nc3 Bb4 6. Nxc6 bxc6 7. Bd3
d5 8. exd5 Qe7+ 9. Qe2 Nxd5 10. Qxe7+ Kxe7 11. Bd2 Nxc3 12. a3 Ba5 13. b4
Nb5 14. bxa5 Kf6 15. a4 Re8+ 16. Be3 Nd6 17. O-O Bf5 18. a6 Kg6 19. Rab1
Re5 1/2-1/2

[Event "ch-FRA National A"]
[Site "Nimes FRA"]
[Date "2009.08.10"]
[Round "1"]
[White "Degraeve,JM"]
[Black "Cornette,M"]
[Result "1/2-1/2"]
[WhiteElo "2559"]
[BlackElo "2578"]
[EventDate "2009.08.10"]

1. e4 e6 2. d4 d5 3. Nd2 c5 4. Ngf3 cxd4 5. Nxd4 Nf6 6. exd5 Qxd5 7. N2f3
Nc6 8. Nxc6 Qxc6 9. Bd3 a6 10. O-O Bd6 11. Qe2 Qc7 12. Re1 O-O 13. Ne5 Nd7
14. Bf4 Nxe5 15. Bxe5 Bxe5 16. Qxe5 Qxe5 17. Rxe5 1/2-1/2

[Event "ch-FRA National A"]
[Site "Nimes FRA"]
[Date "2009.08.10"]
[Round "1"]
[White "Feller,S"]
[Black "Edouard,R"]
[Result "1-0"]
[WhiteElo "2576"]
[BlackElo "2597"]
[EventDate "2009.08.10"]

1. d4 e6 2. c4 Bb4+ 3. Bd2 a5 4. Nc3 d6 5. e3 Nf6 6. Bd3 e5 7. Nge2 O-O 8.
O-O exd4 9. exd4 h6 10. a3 Bxc3 11. Nxc3 Nc6 12. d5 Ne5 13. Be2 Re8 14. Re1
Bf5 15. Bf1 Qd7 16. Be3 Neg4 17. Bd4 Rxe1 18. Qxe1 Re8 19. Qd2 Qe7 20. f3
Ne5 21. b4 Ra8 22. Re1 Re8 23. Re3 axb4 24. axb4 Qd8 25. c5 Ned7 26. c6
bxc6 27. dxc6 Rxe3 28. Qxe3 Nf8 29. Bxf6 Qxf6 30. Nd5 Qe6 31. Qxe6 1-0

[Event "ch-FRA National A"]
[Site "Nimes FRA"]
[Date "2009.08.11"]
[Round "2"]
[White "Sokolov,And1"]
[Black "Le Roux,JP"]
[Result "1-0"]
[WhiteElo "2570"]
[BlackElo "2485"]
[EventDate "2009.08.10"]

1. e4 c5 2. Nf3 d6 3. d4 cxd4 4. Nxd4 Nf6 5. Nc3 Nc6 6. Bc4 e6 7. Be3 Bd7
8. Bb3 Be7 9. Qe2 Rc8 10. O-O-O a6 11. f3 b5 12. Kb1 Qc7 13. g4 h6 14. h4
g6 15. Qd2 Nxd4 16. Bxd4 b4 17. Na4 Bb5 18. Qxb4 e5 19. Bb6 Qc6 20. Qa5 Nd7
21. Be3 Be2 22. Nc3 Bxd1 23. Rxd1 Nc5 24. Bxc5 Qxc5 25. Qxa6 O-O 26. h5
gxh5 27. gxh5 Kg7 28. a4 Qf2 29. Nd5 Qxf3 30. Rf1 1-0

[Event "ch-FRA National A"]
[Site "Nimes FRA"]
[Date "2009.08.11"]
[Round "2"]
[White "Edouard,R"]
[Black "Fressinet,L"]
[Result "1-0"]
[WhiteElo "2597"]
[BlackElo "2667"]
[EventDate "2009.08.10"]

1. d4 d5 2. c4 e6 3. Nc3 c6 4. Nf3 Nf6 5. Bg5 h6 6. Bxf6 Qxf6 7. e3 Nd7 8.
Bd3 dxc4 9. Bxc4 g6 10. O-O Bg7 11. e4 e5 12. d5 Nb6 13. Bb3 Bg4 14. Rc1 h5
15. Na4 Rc8 16. Rc3 Nxa4 17. Bxa4 b5 18. Rxc6 Rxc6 19. Bxb5 O-O 20. Bxc6
Rb8 21. b3 Bf8 22. h3 Bc8 23. Qd3 g5 24. Qc3 Bd6 25. Nd2 Ba6 26. Nc4 Bxc4
27. Qxc4 Rb4 28. Qe2 Qf4 29. g3 Rxe4 30. Qxh5 Qf6 31. Kg2 Rd4 32. Rd1 Bc5
33. Rxd4 exd4 34. Qf3 Qxf3+ 35. Kxf3 d3 36. Bb5 d2 37. Be2 Kg7 38. h4 gxh4
39. gxh4 Kf6 40. Kg2 Ke5 41. Bf3 Bf8 42. Kf1 Kf4 43. Bd1 Ke5 44. Ke2 Bh6
45. b4 Kxd5 46. Kd3 Kc6 47. Kc4 a6 48. a4 Bf8 49. h5 Kb6 50. Bf3 Bh6 51.
a5+ Ka7 52. Kb3 Bg5 53. Be2 Bh6 54. Ka4 Bg5 55. b5 axb5+ 56. Kxb5 Bf4 57.
Kc6 d1=Q 58. Bxd1 Ka6 59. Kd7 Kxa5 60. Ke7 Kb6 61. Kxf7 Kc7 62. Kg7 Be5+
63. Kh7 Bd4 64. f3 Kd6 65. h6 Be3 66. Kg7 Bd4+ 67. Kg8 1-0

[Event "ch-FRA National A"]
[Site "Nimes FRA"]
[Date "2009.08.11"]
[Round "2"]
[White "Cossin,S"]
[Black "Feller,S"]
[Result "1-0"]
[WhiteElo "2486"]
[BlackElo "2576"]
[EventDate "2009.08.10"]

1. e4 c5 2. Nf3 d6 3. d4 Nf6 4. Nc3 cxd4 5. Nxd4 a6 6. Be3 e6 7. g4 e5 8.
Nf5 Nc6 9. Bg2 g6 10. Qe2 gxf5 11. exf5 Rg8 12. h3 Bd7 13. O-O-O Rc8 14. f4
Nb4 15. a3 Bb5 16. Qe1 Rxc3 17. axb4 Rxe3 18. Qxe3 Nd7 19. Rhe1 Bh6 20.
Rxd6 Qh4 21. g5 f6 22. Rxf6 Nxf6 23. Qxe5+ Kd7 24. Qe7+ Kc8 25. Qxb7+ Kd8
26. Qb6+ Kc8 27. Bb7+ Kd7 28. Rd1+ Ke8 29. Qd8+ 1-0

[Event "ch-FRA National A"]
[Site "Nimes FRA"]
[Date "2009.08.11"]
[Round "2"]
[White "Cornette,M"]
[Black "Hamdouchi,H"]
[Result "1/2-1/2"]
[WhiteElo "2578"]
[BlackElo "2589"]
[EventDate "2009.08.10"]

1. e4 c5 2. Nf3 d6 3. d4 Nf6 4. Nc3 cxd4 5. Nxd4 a6 6. Be3 e5 7. Nb3 Be7 8.
Qd2 O-O 9. O-O-O Be6 10. f4 Nc6 11. Kb1 b5 12. f5 Bc4 13. h3 Rc8 14. g4 b4
15. Na4 Bxf1 16. Rhxf1 Na5 17. g5 Nc4 18. Qd3 Nh5 19. f6 gxf6 20. gxf6 Bxf6
21. Bc5 Qe8 22. Qxc4 Qxa4 23. Rxd6 Bg7 24. Qxb4 Qxb4 25. Bxb4 Rc4 26. a3
Rfc8 27. Nd2 R4c6 28. Rd7 Nf4 29. Bc3 h5 30. Nf3 Rxc3 31. bxc3 Rxc3 32. Ng5
Rc6 33. Nxf7 Rg6 34. Nd6 Nxh3 35. Nf5 Bf8 36. Rd8 Rb6+ 37. Ka2 Nf4 38. Ne7+
Kg7 39. Nd5 Rd6 40. Rxd6 Bxd6 41. Rd1 Ne2 42. Rd2 Nd4 43. c3 Ne6 44. Nb4
Bc5 45. Nxa6 Be3 46. Rd7+ Kg6 47. Rd3 Bf2 48. Rd6 Kf7 49. Rd5 h4 50. Rxe5
Ng7 51. Rd5 h3 52. Rd3 h2 53. Rh3 Bg1 54. Nc5 Kf6 55. Nd3 Ne6 56. Nf2 Bxf2
57. Rxh2 Bg3 58. Rg2 Bc7 59. Kb3 Nc5+ 60. Kc4 Nxe4 61. Re2 Kf5 62. Kd3 Nc5+
63. Kd4 Na4 64. c4 Bb6+ 65. Kd5 Nc3+ 66. Kc6 Nxe2 67. Kxb6 Nc3 68. c5 Ke6
69. c6 Kd6 70. Kb7 Na4 1/2-1/2

[Event "ch-FRA National A"]
[Site "Nimes FRA"]
[Date "2009.08.12"]
[Round "3"]
[White "Le Roux,JP"]
[Black "Edouard,R"]
[Result "1/2-1/2"]
[WhiteElo "2485"]
[BlackElo "2597"]
[EventDate "2009.08.10"]

1. Nf3 d5 2. d4 Nf6 3. c4 e6 4. g3 dxc4 5. Bg2 a6 6. Ne5 c5 7. Na3 cxd4 8.
Naxc4 Bc5 9. O-O O-O 10. Qb3 Nd5 11. Bd2 Nd7 12. Nd3 b6 13. Rac1 Rb8 14.
Nxc5 bxc5 15. Qa3 Bb7 16. Rfd1 Bc6 17. Ba5 Qg5 18. Bc7 Rb4 19. Bd6 Ra4 20.
Qb3 Rb4 21. Qa3 Rc8 22. Nd2 Ra4 23. Qb3 Rb4 24. Qa3 Ra4 25. Qb3 Ra5 26. Nc4
Rb5 27. Qa3 Qd8 28. e3 dxe3 29. Nxe3 Ra5 30. Qd3 Ra4 31. Nxd5 Bxd5 32. Bxd5
Rd4 33. Qxa6 Rxd5 34. Qb7 Rxd1+ 35. Rxd1 Nb6 36. Kg2 h6 37. Qf3 Nd5 38. Be5
Qe8 39. Rc1 Qa4 40. a3 Qc6 41. b3 Qa6 1/2-1/2

[Event "ch-FRA National A"]
[Site "Nimes FRA"]
[Date "2009.08.12"]
[Round "3"]
[White "Hamdouchi,H"]
[Black "Vachier Lagrave,M"]
[Result "1/2-1/2"]
[WhiteElo "2589"]
[BlackElo "2703"]
[EventDate "2009.08.10"]

1. e4 c5 2. Nf3 d6 3. d4 cxd4 4. Nxd4 Nf6 5. Nc3 a6 6. Bg5 e6 7. f4 Nc6 8.
Nxc6 bxc6 9. e5 h6 10. Bh4 g5 11. fxg5 Nd5 12. Ne4 Qb6 13. c3 Qxb2 14. Rb1
Qxa2 15. Ra1 Qb2 16. Rb1 Qa2 1/2-1/2

[Event "ch-FRA National A"]
[Site "Nimes FRA"]
[Date "2009.08.12"]
[Round "3"]
[White "Degraeve,JM"]
[Black "Sokolov,And1"]
[Result "1-0"]
[WhiteElo "2559"]
[BlackElo "2570"]
[EventDate "2009.08.10"]

1. e4 c5 2. Nf3 e6 3. d4 cxd4 4. Nxd4 Nc6 5. Nc3 Qc7 6. Be3 Nf6 7. f4 Bb4
8. Ndb5 Qa5 9. e5 Nd5 10. Bd2 Nxc3 11. bxc3 Bc5 12. c4 Qd8 13. Bd3 b6 14.
Bc3 Ba6 15. Qg4 Kf8 16. O-O-O h5 17. Qf3 Rc8 18. f5 Bxb5 19. cxb5 Nd4 20.
Qf4 Nxf5 21. Bxf5 exf5 22. Qxf5 Ba3+ 23. Bb2 Bxb2+ 24. Kxb2 g6 25. Qxd7 Qc7
26. Qxc7 Rxc7 27. Rd8+ Kg7 28. Rxh8 Kxh8 29. Rd1 Kg7 30. Kb3 g5 31. c4 Kg6
32. Rd5 g4 33. a4 Kf5 34. e6+ Kxe6 35. Rxh5 f5 36. g3 Ke5 37. Rh8 Ke4 38.
Kb4 Kf3 39. Rd8 Rh7 40. Rd2 Ke3 41. Ra2 Kd4 42. Rf2 Rc7 43. Rd2+ Ke3 44.
Rd5 Ke4 45. Kc3 Rh7 46. Rd2 Ke3 47. a5 bxa5 48. Ra2 f4 49. gxf4 Kxf4 50.
Rxa5 Rxh2 51. Rxa7 g3 52. Rf7+ Ke5 53. Rg7 Rg2 54. Kb4 Kf4 55. c5 Rb2+ 56.
Ka5 1-0

[Event "ch-FRA National A"]
[Site "Nimes FRA"]
[Date "2009.08.12"]
[Round "3"]
[White "Fressinet,L"]
[Black "Cossin,S"]
[Result "1-0"]
[WhiteElo "2667"]
[BlackElo "2486"]
[EventDate "2009.08.10"]

1. d4 Nf6 2. Nf3 g6 3. c4 Bg7 4. Nc3 O-O 5. e4 d6 6. Be2 e5 7. Be3 Ng4 8.
Bg5 f6 9. Bh4 g5 10. Bg3 Nh6 11. dxe5 fxe5 12. h4 g4 13. Nh2 Be6 14. Nd5
Qd7 15. Ne3 Nc6 16. Nhxg4 Nd4 17. Nh2 Kh8 18. Nf3 Rae8 19. Ng5 Bg8 20. Bh5
Rb8 21. O-O a6 22. b3 b5 23. Rc1 c6 24. Kh1 Qe7 25. Qd3 Rbd8 26. f4 exf4
27. Bxf4 Ne6 28. g3 Nc5 29. Qc2 bxc4 30. bxc4 Rb8 31. Rb1 Be5 32. Bxe5+
Qxe5 33. Rxf8 Rxf8 34. Qb2 Nf7 35. Bxf7 Bxf7 36. Qf2 Kg8 37. Ng4 Qg7 38.
Nf6+ Kh8 39. Nfxh7 Nxe4 40. Nxe4 Kxh7 41. Ng5+ Qxg5 42. hxg5 Bd5+ 43. Kg1
Rxf2 44. Kxf2 Bxc4 45. a4 Kg6 46. Rb6 Kxg5 47. Rxc6 d5 48. Rc8 Bb3 49. a5
Kf5 50. Ke3 Ke5 51. Re8+ 1-0

[Event "ch-FRA National A"]
[Site "Nimes FRA"]
[Date "2009.08.13"]
[Round "4"]
[White "Edouard,R"]
[Black "Degraeve,JM"]
[Result "1/2-1/2"]
[WhiteElo "2597"]
[BlackElo "2559"]
[EventDate "2009.08.10"]

1. e4 Nf6 2. e5 Nd5 3. d4 d6 4. Nf3 dxe5 5. Nxe5 c6 6. Nd2 Nd7 7. Nd3 e6 8.
Be2 b6 9. O-O Bb7 10. Bf3 Be7 11. c4 N5f6 12. b4 Qc7 13. Nb3 O-O 14. Bf4
Bd6 15. Bxd6 Qxd6 16. Qe1 Rfe8 17. Ne5 Qc7 18. Qe3 Nxe5 19. dxe5 Nd7 20.
Rfe1 c5 21. Bxb7 Qxb7 22. bxc5 Rec8 23. cxb6 axb6 24. Nd2 Ra5 25. Qd4 Qc7
26. Nf3 Ra4 27. Red1 Nf8 28. Rab1 Rxa2 29. Rxb6 Ra4 30. Nd2 Qc5 31. Qxc5
Rxc5 32. f4 g5 33. Rb8 Kg7 34. fxg5 Rxe5 35. Rb7 Rxg5 36. Rf1 Rf5 37. Rxf5
exf5 38. Kf2 Ne6 39. Rb5 Kf6 40. Rd5 Ra3 1/2-1/2

[Event "ch-FRA National A"]
[Site "Nimes FRA"]
[Date "2009.08.13"]
[Round "4"]
[White "Vachier Lagrave,M"]
[Black "Maze,S"]
[Result "1-0"]
[WhiteElo "2703"]
[BlackElo "2546"]
[EventDate "2009.08.10"]

1. e4 e5 2. Nf3 Nc6 3. Bb5 Nf6 4. O-O Nxe4 5. d4 Nd6 6. Bxc6 dxc6 7. dxe5
Nf5 8. Qxd8+ Kxd8 9. Nc3 Be7 10. h3 Be6 11. Rd1+ Kc8 12. Bg5 Bb4 13. g4 Ne7
14. Bxe7 Bxe7 15. Nd4 Bd7 16. Rd3 g6 17. Rad1 Rd8 18. f4 b5 19. f5 b4 20.
Ne4 c5 21. f6 cxd4 22. fxe7 Re8 23. Rxd4 1-0

[Event "ch-FRA National A"]
[Site "Nimes FRA"]
[Date "2009.08.13"]
[Round "4"]
[White "Feller,S"]
[Black "Fressinet,L"]
[Result "1/2-1/2"]
[WhiteElo "2576"]
[BlackElo "2667"]
[EventDate "2009.08.10"]

1. d4 Nf6 2. c4 e6 3. Nf3 d5 4. Nc3 Bb4 5. cxd5 exd5 6. Qa4+ Nc6 7. Bg5 h6
8. Bxf6 Qxf6 9. Rc1 O-O 10. e3 Qg6 11. Qd1 Rd8 12. a3 Bf8 13. h3 Ne7 14.
Bd3 Qf6 15. O-O Nf5 16. Bb1 Nh4 1/2-1/2

[Event "ch-FRA National A"]
[Site "Nimes FRA"]
[Date "2009.08.13"]
[Round "4"]
[White "Sokolov,And1"]
[Black "Hamdouchi,H"]
[Result "1/2-1/2"]
[WhiteElo "2570"]
[BlackElo "2589"]
[EventDate "2009.08.10"]

1. e4 c5 2. Nf3 d6 3. d4 cxd4 4. Nxd4 Nf6 5. Nc3 a6 6. Be3 e5 7. Nf3 Be7 8.
Bc4 O-O 9. O-O Be6 10. Bb3 Nc6 11. Bg5 Nd7 12. Bxe7 Qxe7 13. Nd5 1/2-1/2

[Event "ch-FRA National A"]
[Site "Nimes FRA"]
[Date "2009.08.14"]
[Round "5"]
[White "Hamdouchi,H"]
[Black "Edouard,R"]
[Result "1/2-1/2"]
[WhiteElo "2589"]
[BlackElo "2597"]
[EventDate "2009.08.10"]

1. e4 c5 2. Nf3 d6 3. d4 cxd4 4. Nxd4 Nf6 5. Nc3 a6 6. Bg5 Nbd7 7. Bc4 Qa5
8. Qd2 e6 9. O-O-O b5 10. Bb3 Bb7 11. Rhe1 Be7 1/2-1/2

[Event "ch-FRA National A"]
[Site "Nimes FRA"]
[Date "2009.08.14"]
[Round "5"]
[White "Cornette,M"]
[Black "Vachier Lagrave,M"]
[Result "1/2-1/2"]
[WhiteElo "2578"]
[BlackElo "2703"]
[EventDate "2009.08.10"]

1. e4 c5 2. Nf3 a6 3. c4 e6 4. Nc3 Nc6 5. Be2 Qc7 6. O-O Bd6 7. h3 Nf6 8.
d4 cxd4 9. Nxd4 Nxd4 10. Qxd4 b6 11. Be3 Bc5 12. Qd3 Bb7 13. Rad1 O-O 14.
Kh1 Rfd8 15. Bd4 Bxd4 16. Qxd4 d6 1/2-1/2

[Event "ch-FRA National A"]
[Site "Nimes FRA"]
[Date "2009.08.14"]
[Round "5"]
[White "Degraeve,JM"]
[Black "Cossin,S"]
[Result "1/2-1/2"]
[WhiteElo "2559"]
[BlackElo "2486"]
[EventDate "2009.08.10"]

1. e4 c5 2. Nf3 d6 3. d4 Nf6 4. Nc3 cxd4 5. Qxd4 a6 6. Bg5 Nc6 7. Qd2 e6 8.
O-O-O Be7 9. Kb1 O-O 10. Bxf6 Bxf6 11. Qxd6 Qa5 12. Qd2 b5 13. Bd3 Rb8 14.
Ne2 Qc7 15. Qf4 e5 16. Qe3 Be6 17. Nc3 Nb4 18. Nd5 Bxd5 19. exd5 Qa5 20. a3
Nxd3 21. Rxd3 b4 22. a4 Qxa4 23. Nxe5 Rfe8 24. f4 Rb5 25. b3 Qa3 26. Qd4
Ra5 27. Re1 Rd8 28. Qb2 Qxb2+ 29. Kxb2 Raxd5 30. Red1 Rxd3 31. Rxd3 Re8 32.
Rd5 g5 33. g3 gxf4 34. gxf4 Re6 35. c3 bxc3+ 36. Kxc3 Kg7 37. Kd4 Rb6 38.
Kc4 Be7 39. Rd7 Kf8 40. Kc3 Rf6 41. Rd4 Rf5 42. Ra4 f6 43. Nf3 a5 44. Rc4
Kf7 45. Kd3 Bd6 46. Ke3 Rb5 47. Nd2 Ke6 48. Ke4 f5+ 49. Kd3 h5 50. h3 Rb8
51. Rc6 Ke7 52. Ke3 Kd7 53. Ra6 Rb5 54. h4 Bc5+ 55. Ke2 Bd6 56. Ke3 Rb4 57.
Rxa5 Bxf4+ 58. Ke2 Bxd2 1/2-1/2

[Event "ch-FRA National A"]
[Site "Nimes FRA"]
[Date "2009.08.14"]
[Round "5"]
[White "Maze,S"]
[Black "Sokolov,And1"]
[Result "1/2-1/2"]
[WhiteElo "2546"]
[BlackElo "2570"]
[EventDate "2009.08.10"]

1. d4 Nf6 2. c4 e6 3. Nf3 d5 4. g3 dxc4 5. Bg2 c5 6. O-O Nc6 7. dxc5 Bxc5
8. Qxd8+ Kxd8 9. Nbd2 Ke7 10. Nxc4 Bd7 11. Nfe5 Rac8 12. Bg5 Nxe5 13. Nxe5
h6 14. Bxf6+ gxf6 15. Nxd7 Kxd7 16. Bxb7 Rb8 17. Rac1 Bxf2+ 18. Rxf2 Rxb7
19. Rxf6 Rxb2 20. Rxf7+ Kd6 21. Rd1+ Ke5 22. Rxa7 Rxe2 23. Ra5+ Ke4 24.
Ra4+ Ke5 25. Ra1 Kf5 26. Rf4+ Kg5 27. a4 Ra8 28. a5 Ra6 29. Rf2 Re5 30.
Rfa2 h5 31. Ra4 Kg6 32. Kf2 Kg5 33. Kf3 Kg6 34. Kf4 Rf5+ 35. Ke3 Rd5 36.
R1a3 Kg5 37. Kf3 Rf5+ 38. Kg2 Kh6 39. Kh3 Rg5 40. Kh4 Rf5 41. g4 Rd5 42.
gxh5 Rf5 43. Kg3 Rd5 44. Kf3 Rf5+ 45. Ke3 Rd5 46. Ra2 Kh7 47. h6 Kxh6 48.
Kf4 Rf5+ 49. Kg3 Rd5 50. R2a3 Kg6 51. Kg2 Kf6 52. Kh3 Rh5+ 53. Kg3 Rd5 54.
Ra2 Kg6 55. Kf3 Rf5+ 56. Ke4 Rd5 57. R4a3 Kh6 58. h3 Kh7 59. Ra4 Kh6 60.
Ke3 Kh5 61. Ke4 Kh6 62. Ke3 Kh5 63. Ke4 1/2-1/2

[Event "ch-FRA National A"]
[Site "Nimes FRA"]
[Date "2009.08.14"]
[Round "5"]
[White "Le Roux,JP"]
[Black "Feller,S"]
[Result "0-1"]
[WhiteElo "2485"]
[BlackElo "2576"]
[EventDate "2009.08.10"]

1. d4 Nf6 2. c4 e6 3. Nf3 d5 4. Nc3 dxc4 5. e4 Bb4 6. Bg5 c5 7. Bxc4 cxd4
8. Nxd4 Qa5 9. Bd2 Qc5 10. Bb5+ Bd7 11. Nb3 Qe7 12. O-O O-O 13. Qe2 Bxb5
14. Qxb5 Nc6 15. Bg5 a6 16. Bxf6 gxf6 17. Qh5 Rad8 18. Ne2 Kh8 19. Rac1 Rg8
20. f4 Rd3 21. Ng3 a5 22. Rc2 a4 23. Nc1 Rd7 24. Nce2 Qd8 25. a3 Bd2 26.
Kh1 Be3 27. Qf3 Ba7 28. Rc4 Qa5 29. Qc3 Qxc3 30. Nxc3 Rd2 31. Rb1 Bd4 32.
Nxa4 Be3 33. Nf1 Rd3 34. Nxe3 Rxe3 35. Nc3 Rd8 36. Kg1 Rd2 37. Kf1 Kg7 38.
Rc5 Rc2 39. Nd1 Ree2 40. Rxc2 Rxc2 41. Ne3 Rd2 42. Ng4 Nd4 43. e5 f5 44.
Ne3 Nb3 45. Ke1 Rd4 46. g3 Rd2 47. h3 h5 48. Rd1 Rxb2 49. Nc4 Rc2 50. Nd6
Nc5 51. Rb1 Rc3 52. Rb5 b6 53. Kf2 Na4 54. Rb4 Rxa3 55. Nc4 Rc3 56. Nd6
Rc2+ 57. Kf3 Ra2 58. Nc4 Nc3 59. Rxb6 Nd1 60. g4 h4 0-1

[Event "ch-FRA National A"]
[Site "Nimes FRA"]
[Date "2009.08.15"]
[Round "6"]
[White "Sokolov,And1"]
[Black "Cornette,M"]
[Result "1/2-1/2"]
[WhiteElo "2570"]
[BlackElo "2578"]
[EventDate "2009.08.10"]

1. e4 e5 2. Nf3 Nc6 3. Bb5 Nf6 4. O-O Nxe4 5. d4 Nd6 6. Bxc6 dxc6 7. dxe5
Nf5 8. Qxd8+ Kxd8 9. Nc3 Ke8 10. h3 h5 11. Bd2 Be7 12. Rad1 Nh4 13. Nxh4
Bxh4 14. Ne2 Be7 15. Nd4 a6 16. Rfe1 c5 1/2-1/2

[Event "ch-FRA National A"]
[Site "Nimes FRA"]
[Date "2009.08.15"]
[Round "6"]
[White "Cossin,S"]
[Black "Hamdouchi,H"]
[Result "1/2-1/2"]
[WhiteElo "2486"]
[BlackElo "2589"]
[EventDate "2009.08.10"]

1. d4 Nf6 2. c4 g6 3. Nc3 d5 4. Nf3 Bg7 5. Bf4 dxc4 6. e4 Bg4 7. Bxc4 O-O
8. Be2 Nbd7 9. h3 Bxf3 10. Bxf3 e5 11. dxe5 Ne8 12. O-O Nxe5 13. Be2 Nd6
14. Qa4 Qe8 15. Qxe8 Rfxe8 16. Rac1 c6 17. Rfd1 Rad8 18. b3 a6 19. Bg5 f6
20. Be3 Nef7 21. Rc2 Nb5 22. Rxd8 Rxd8 23. Nxb5 axb5 24. f3 Bf8 25. Bb6 Rd7
1/2-1/2

[Event "ch-FRA National A"]
[Site "Nimes FRA"]
[Date "2009.08.15"]
[Round "6"]
[White "Feller,S"]
[Black "Degraeve,JM"]
[Result "1/2-1/2"]
[WhiteElo "2576"]
[BlackElo "2559"]
[EventDate "2009.08.10"]

1. d4 Nf6 2. c4 g6 3. Nc3 Bg7 4. e4 O-O 5. Nf3 d6 6. Be2 e5 7. O-O exd4 8.
Nxd4 Re8 9. f3 Nc6 10. Be3 Nh5 11. Qd2 Nxd4 12. Bxd4 Nf4 13. Rfd1 Bxd4+ 14.
Qxd4 Nxe2+ 15. Nxe2 b6 16. Nc3 Bb7 17. Re1 Qg5 18. Rad1 Re7 19. Nd5 Bxd5
20. Qxd5 Qxd5 21. cxd5 Rc8 22. Rc1 c5 23. dxc6 Rec7 24. Re3 Rxc6 25. Rxc6
Rxc6 26. Rc3 Rc5 27. Kf2 Kg7 28. Ke3 Kf6 29. Kd4 Ke6 30. f4 h5 31. g3 Rxc3
32. bxc3 b5 33. c4 bxc4 34. Kxc4 f5 35. Kd4 fxe4 36. Kxe4 d5+ 37. Kd4 Kf5
38. Kxd5 h4 39. gxh4 Kxf4 40. Ke6 Kg4 41. Kf6 Kxh4 42. Kxg6 Kh3 43. a4 a5
44. Kf5 Kxh2 45. Ke5 Kg3 1/2-1/2

[Event "ch-FRA National A"]
[Site "Nimes FRA"]
[Date "2009.08.15"]
[Round "6"]
[White "Tkachiev,V"]
[Black "Vachier Lagrave,M"]
[Result "1/2-1/2"]
[WhiteElo "2650"]
[BlackElo "2703"]
[EventDate "2009.08.10"]

1. Nf3 Nf6 2. c4 g6 3. g3 Bg7 4. Bg2 O-O 5. O-O d5 6. cxd5 Nxd5 7. d4 Nb6
8. Nc3 Nc6 9. d5 Na5 10. e4 c6 11. Bf4 cxd5 12. Nxd5 Nxd5 13. exd5 Bg4 14.
Rc1 e5 15. dxe6 Bxe6 16. Qxd8 1/2-1/2

[Event "ch-FRA National A"]
[Site "Nimes FRA"]
[Date "2009.08.15"]
[Round "6"]
[White "Edouard,R"]
[Black "Maze,S"]
[Result "1-0"]
[WhiteElo "2597"]
[BlackElo "2546"]
[EventDate "2009.08.10"]

1. e4 e5 2. Nf3 Nc6 3. Bb5 a6 4. Ba4 Nf6 5. O-O Be7 6. d3 b5 7. Bb3 O-O 8.
a4 Rb8 9. axb5 axb5 10. Nc3 d6 11. h3 b4 12. Nd5 Nxd5 13. Bxd5 Bb7 14. Be3
Bf6 15. Nh2 Nd4 16. Bxb7 Rxb7 17. Bxd4 exd4 18. f4 b3 19. cxb3 Qb8 20. Ng4
Be7 21. f5 f6 22. Qc2 Rxb3 23. Rfc1 c5 24. Ra7 Qxa7 25. Qxb3+ Kh8 26. h4
Qb8 27. Qe6 Qxb2 28. Rf1 Re8 29. Qf7 Qb8 30. Rf3 d5 31. e5 fxe5 32. Nh6
gxh6 33. f6 1-0